Norma Chilena Oficial NCh 2111. Of91
Gardado en:
| Autor Corporativo: | |
|---|---|
| Formato: | Libro |
| Idioma: | Lingua castelá |
| Publicado: |
Santiago
Instituto Nacional de Normalización
1995
|
| Edición: | 2a. ed |
| Subjects: | |
| Tags: |
Engadir etiqueta
Sen Etiquetas, Sexa o primeiro en etiquetar este rexistro!
|
MARC
| LEADER | 00000nam a2200000 a 4500 | ||
|---|---|---|---|
| 001 | UCN0160 | ||
| 003 | CL-VaPUC | ||
| 008 | 010316e19950000CL |||||||||||||||||spa|d | ||
| 082 | 0 | 4 | |a 690.22 |b INS |2 21 |
| 110 | 2 | |a Instituto Nacional de Normalización |e author |9 455491 | |
| 245 | 1 | 0 | |a Norma Chilena Oficial NCh 2111. Of91 |
| 246 | 1 | 0 | |a Prevención de incendio en edificios - señalización |
| 246 | 1 | 0 | |a Fire safety in buildings - symbols |
| 250 | |a 2a. ed | ||
| 300 | |a 22 p | ||
| 942 | |c BK | ||
| 945 | |d 20010316 00:00:00 |a cmena | ||
| 260 | |a Santiago |b Instituto Nacional de Normalización |c 1995 | ||
| 650 | 0 | |a Edificios |9 260501 | |
| 650 | 0 | |a Medidas de seguridad |9 264085 | |
| 650 | 7 | |a SEÑALIZACION DE EDIFICIOS |2 CL-VaPUC |9 455492 | |
| 650 | 0 | |a Prevención de incendios |9 421376 | |
| 583 | |a last modification |c 20010316 00:00:00 |k Rodrigo Vera | ||
| 999 | |c 294096 |d 294094 | ||
| 952 | |0 0 |1 0 |4 0 |6 690_220000000000000_INS_1995 |7 0 |8 X |9 345951 |a BIBING |b BIBING |d 2019-11-20 |i 3565297 |o 690.22 INS 1995 |p 3565297 |r 2025-01-20 |w 2019-11-20 |y BK_X |k CCL | ||